[Event "Kurgan"]
[Site "Kurgan"]
[Date "2001.??.??"]
[Round "?"]
[White "Kornev, Alexei"]
[Black "Pospelov, Evgeny"]
[Result "1-0"]
[WhiteElo "2359"]
[BlackElo "2322"]
[PlyCount "85"]
[EventDate "2001.??.??"]
[EventType "tourn"]
[EventRounds "11"]
[EventCountry "RUS"]
[EventCategory "7"]
[SourceTitle "EXT 2006"]
[Source "ChessBase"]
[SourceDate "2005.11.24"]
[SourceVersion "1"]
[SourceVersionDate "2005.11.24"]
[SourceQuality "1"]

1. e4 d6 2. d4 Nf6 3. Nc3 g6 4. Be3 c6 5. Qd2 b5 6. f3 a6 7. Nge2 Nbd7 8. g4 Nb6 9. b3 h5 10. g5 Nfd7 11. a4 e6 12. a5 Nd5 13. exd5 cxd5 14. Na2 Bb7 15. Bh3 Be7 16. 0-0 Rc8 17. Nb4 Nf8 18. Bg2 Rc7 19. h4 Qc8 20. Bh3 Qd8 21. Kh2 Qb8 22. f4 f5 23. Bg2 Rh7 24. Rfc1 Bd8 25. Ng3 Rc8 26. Bf1 Rhc7 27. c3 Kf7 28. Qb2 Nd7 29. Rc2 Qa7 30. Rac1 Qa8 31. Qa1 Be7 32. Bd3 Qb8 33. Bd2 Kf8 34. Re1 Kf7 35. Rcc1 Nf8 36. Re3 Re8 37. Rce1 Qc8 38. Qd1 Bd8 39. Nxh5 gxh5 40. Qxh5+ Ke7 41. Bxf5 Kd7 42. Rxe6 Rxe6 43. Rxe6 1-0

[Event "Vitebsky Memorial"]
[Site "Kurgan"]
[Date "2001.??.??"]
[Round "4"]
[White "Obukhov, Alexander"]
[Black "Pospelov, Evgeny"]
[Result "1/2-1/2"]
[WhiteElo "2436"]
[BlackElo "2322"]
[PlyCount "92"]
[EventDate "2001.??.??"]
[EventType "tourn"]
[EventRounds "11"]
[EventCountry "RUS"]
[EventCategory "5"]
[SourceTitle "EXT 2006"]
[Source "ChessBase"]
[SourceDate "2005.11.24"]
[SourceVersion "1"]
[SourceVersionDate "2005.11.24"]
[SourceQuality "1"]

1. d4 Nf6 2. c4 g6 3. Nc3 Bg7 4. e4 d6 5. h3 0-0 6. Bg5 c5 7. d5 h6 8. Be3 e6 9. Bd3 exd5 10. exd5 Re8 11. Nf3 Nbd7 12. 0-0 Nf8 13. Re1 a6 14. a4 b6 15. Qd2 g5 16. Qc2 Ra7 17. Ne2 N6d7 18. Ng3 Ne5 19. Nxe5 Bxe5 20. Bd2 Rae7 21. Bf5 Bxg3 22. fxg3 Rxe1+ 23. Rxe1 Rxe1+ 24. Bxe1 Bxf5 25. Qxf5 Qe7 26. Bc3 Nd7 27. a5 bxa5 28. Bxa5 Kg7 29. b3 Qe3+ 30. Kh2 Ne5 31. Bd8 Kg8 32. Bf6 Qe1 33. g4 Ng6 34. Qc8+ Kh7 35. Qd7 Kg8 36. Qf5 Kh7 37. Bc3 Qe8 38. Qf3 Kg8 39. Qf6 Ne5 40. Qxd6 Nc6 41. Kg3 Nd4 42. Bxd4 cxd4 43. c5 d3 44. c6 Kh8 45. c7 Qe2 46. Qb6 Qe8 1/2-1/2

[Event "Kurgan"]
[Site "Kurgan"]
[Date "2001.??.??"]
[Round "?"]
[White "Pospelov, Evgeny"]
[Black "Dukov, Alexey"]
[Result "1-0"]
[WhiteElo "2322"]
[BlackElo "2286"]
[PlyCount "23"]
[EventDate "2001.??.??"]
[EventType "tourn"]
[EventRounds "11"]
[EventCountry "RUS"]
[EventCategory "7"]
[SourceTitle "EXT 2006"]
[Source "ChessBase"]
[SourceDate "2005.11.24"]
[SourceVersion "1"]
[SourceVersionDate "2005.11.24"]
[SourceQuality "1"]

1. Nf3 Nf6 2. g3 b6 3. Bg2 Bb7 4. 0-0 e6 5. d3 d5 6. Nbd2 Be7 7. b3 0-0 8. Bb2 c5 9. e4 dxe4 10. Ng5 Nbd7 11. dxe4 Qc7 12. Qe2 1-0

[Event "Kurgan"]
[Site "Kurgan"]
[Date "2001.??.??"]
[Round "?"]
[White "Pospelov, Evgeny"]
[Black "Obukhov, Alexander"]
[Result "0-1"]
[WhiteElo "2322"]
[BlackElo "2436"]
[PlyCount "70"]
[EventDate "2001.??.??"]
[EventType "tourn"]
[EventRounds "11"]
[EventCountry "RUS"]
[EventCategory "7"]
[SourceTitle "EXT 2006"]
[Source "ChessBase"]
[SourceDate "2005.11.24"]
[SourceVersion "1"]
[SourceVersionDate "2005.11.24"]
[SourceQuality "1"]

1. d4 Nf6 2. c4 e6 3. Nf3 b6 4. a3 c5 5. d5 exd5 6. cxd5 d6 7. Nc3 g6 8. Bg5 Bg7 9. e3 0-0 10. Nd2 h6 11. Bh4 Re8 12. Bb5 Re7 13. a4 Na6 14. 0-0 Nb4 15. e4 a6 16. Be2 g5 17. Bg3 Ne8 18. f4 Bd4+ 19. Kh1 Rc7 20. Nc4 Rb8 21. fxg5 hxg5 22. Qd2 Rbb7 23. Bf3 Ra7 24. Qe2 Re7 25. Qd2 Rab7 26. h3 g4 27. Be2 gxh3 28. gxh3 f5 29. exf5 Rh7 30. Bg4 Rbg7 31. Kg2 Nf6 32. Rf4 Nfxd5 33. Rxd4 cxd4 34. Qxd4 Nxc3 35. bxc3 Bb7+ 0-1

[Event "Vitebsky Memorial"]
[Site "Kurgan"]
[Date "2001.??.??"]
[Round "3"]
[White "Pospelov, Evgeny"]
[Black "Pugachov, Alexey"]
[Result "1/2-1/2"]
[WhiteElo "2322"]
[BlackElo "2495"]
[PlyCount "34"]
[EventDate "2001.??.??"]
[EventType "tourn"]
[EventRounds "11"]
[EventCountry "RUS"]
[EventCategory "5"]
[SourceTitle "EXT 2006"]
[Source "ChessBase"]
[SourceDate "2005.11.24"]
[SourceVersion "1"]
[SourceVersionDate "2005.11.24"]
[SourceQuality "1"]

1. d4 Nf6 2. c4 g6 3. Nc3 Bg7 4. e4 d6 5. Nf3 0-0 6. Be2 e5 7. d5 a5 8. Bg5 h6 9. Bh4 Na6 10. Nd2 Qe8 11. 0-0 Nh7 12. a3 Bd7 13. b3 h5 14. f3 Bh6 15. Qc2 Be3+ 16. Bf2 Bc5 17. Bxc5 Nxc5 1/2-1/2

[Event "RUS-chT2"]
[Site "Bryansk"]
[Date "1995.??.??"]
[Round "4"]
[White "Drozdov, Igor"]
[Black "Pospelov, Evgeny"]
[Result "1-0"]
[WhiteElo "2425"]
[BlackElo "2385"]
[PlyCount "78"]
[EventDate "1995.??.??"]
[EventType "team"]
[EventRounds "9"]
[EventCountry "RUS"]
[SourceTitle "EXT 1998"]
[Source "ChessBase"]
[SourceDate "1997.11.17"]
[SourceVersion "1"]
[SourceVersionDate "1997.11.17"]
[SourceQuality "1"]

1. e4 d6 2. d4 Nf6 3. Nc3 g6 4. g3 Bg7 5. Bg2 0-0 6. Nge2 Nbd7 7. 0-0 c5 8. h3 Rb8 9. dxc5 Nxc5 10. Bf4 Nfd7 11. Bg5 b5 12. Nd5 f6 13. Be3 e6 14. Ndf4 Nb6 15. Nd4 Qe8 16. Nb3 Nc4 17. Bxc5 dxc5 18. Rb1 Qe7 19. Nd3 Rd8 20. Qe2 Na3 21. bxa3 c4 22. Nb4 cxb3 23. Nc6 Qc7 24. e5 bxa2 25. Ra1 Bb7 26. Nxd8 Bxg2 27. Kxg2 fxe5 28. Nxe6 Qc6+ 29. Qf3 Qxe6 30. Qb3 Qc4 31. Qxa2 Qxa2 32. Rxa2 e4 33. Re1 Re8 34. Rb1 a6 35. a4 Rb8 36. axb5 axb5 37. Rb4 Bc3 38. Rxe4 b4 39. Ra7 Bf6 1-0

[Event "RUS-chT2"]
[Site "Bryansk"]
[Date "1995.??.??"]
[Round "6"]
[White "Glianietz, Alexander R"]
[Black "Pospelov, Evgeny"]
[Result "1/2-1/2"]
[WhiteElo "2385"]
[BlackElo "2385"]
[PlyCount "128"]
[EventDate "1995.??.??"]
[EventType "team"]
[EventRounds "9"]
[EventCountry "RUS"]
[SourceTitle "EXT 1998"]
[Source "ChessBase"]
[SourceDate "1997.11.17"]
[SourceVersion "1"]
[SourceVersionDate "1997.11.17"]
[SourceQuality "1"]

1. d4 Nf6 2. c4 g6 3. Nc3 Bg7 4. Nf3 0-0 5. e3 d6 6. Be2 Nbd7 7. 0-0 e5 8. b4 Ng4 9. h3 Nh6 10. Qb3 c6 11. Rd1 Nf5 12. Bb2 Re8 13. Rac1 e4 14. Nd2 Qh4 15. Nf1 h5 16. Qc2 Nf6 17. d5 c5 18. Nb5 Bd7 19. Nc7 b6 20. Nxa8 Rxa8 21. bxc5 bxc5 22. Bc3 Re8 23. Rb1 Qg5 24. Rb7 Nh4 25. Ng3 Bf5 26. Kh2 Nxg2 27. Kxg2 h4 28. Rb3 Nd7 29. Rdb1 Ne5 30. Rb8 Rxb8 31. Rxb8+ Kh7 32. Rb1 hxg3 33. fxg3 Qxe3 34. Bxe5 Bxe5 35. Rb3 Qg5 36. h4 Qf6 37. Qd2 Bd4 38. Qf4 e3 39. Ra3 Qe7 40. Kh2 Qb7 41. Qf3 Qe7 42. Rb3 Kg7 43. Kg1 Bc2 44. Rb5 Be4 45. Qf4 Bc2 46. Kg2 Qc7 47. h5 a6 48. Rb3 Bxb3 49. axb3 Qe7 50. hxg6 fxg6 51. Kf3 Qd8 52. Bd3 Qh8 53. Kg2 Qd8 54. Kf3 Qe7 55. Ke2 Be5 56. Qxe3 Qf6 57. g4 Qh4 58. Qe4 Qg5 59. Kf3 Qh6 60. Ke2 Kf6 61. Qe3 g5 62. Qe4 Qh2+ 63. Kd1 Qg1+ 64. Ke2 Qh2+ 1/2-1/2

[Event "RUS-chT2"]
[Site "Bryansk"]
[Date "1995.??.??"]
[Round "5"]
[White "Pospelov, Evgeny"]
[Black "Castaneda, Georgui"]
[Result "0-1"]
[WhiteElo "2385"]
[BlackElo "2405"]
[PlyCount "60"]
[EventDate "1995.??.??"]
[EventType "team"]
[EventRounds "9"]
[EventCountry "RUS"]
[SourceTitle "EXT 1998"]
[Source "ChessBase"]
[SourceDate "1997.11.17"]
[SourceVersion "1"]
[SourceVersionDate "1997.11.17"]
[SourceQuality "1"]

1. Nf3 Nf6 2. d4 e6 3. c4 b6 4. g3 Ba6 5. b3 d5 6. Bg2 dxc4 7. Ne5 Bb4+ 8. Kf1 c6 9. Nxc4 0-0 10. Bb2 Qc7 11. Nbd2 Rd8 12. Qc2 Nbd7 13. Rc1 Rac8 14. Ne4 Be7 15. Ng5 h6 16. h4 Bxc4 17. bxc4 Nf8 18. Ne4 Nxe4 19. Bxe4 Bf6 20. e3 e5 21. Bf5 Rb8 22. Rd1 exd4 23. exd4 Rd6 24. Kg2 Rbd8 25. Rhe1 Bxd4 26. Bc1 Be5 27. Rxd6 Qxd6 28. Qe4 Bf6 29. Bf4 Qc5 30. Qc2 h5 0-1

[Event "Kurgan"]
[Site "Kurgan"]
[Date "1994.??.??"]
[Round "11"]
[White "Balashov, Yuri S"]
[Black "Pospelov, Evgeny"]
[Result "1/2-1/2"]
[WhiteElo "2510"]
[BlackElo "2385"]
[PlyCount "36"]
[EventDate "1994.??.??"]
[EventType "tourn"]
[EventRounds "11"]
[EventCountry "RUS"]
[EventCategory "8"]
[SourceTitle "CBM 043"]
[Source "ChessBase"]
[SourceDate "1994.12.01"]
[SourceVersion "1"]
[SourceVersionDate "1994.12.01"]
[SourceQuality "1"]

1. d4 Nf6 2. c4 g6 3. Nc3 Bg7 4. e4 d6 5. f3 0-0 6. Nge2 c5 7. d5 e6 8. Ng3 exd5 9. cxd5 a6 10. a4 Nbd7 11. Be2 Re8 12. Bg5 h6 13. Bf4 Qe7 14. 0-0 b6 15. Re1 h5 16. Nf1 Nh7 17. Qd2 Rb8 18. Kh1 Ne5 1/2-1/2

[Event "Kurgan"]
[Site "Kurgan"]
[Date "1994.??.??"]
[Round "9"]
[White "Chuprov, Dmitry"]
[Black "Pospelov, Evgeny"]
[Result "1-0"]
[WhiteElo "2410"]
[BlackElo "2385"]
[PlyCount "61"]
[EventDate "1994.??.??"]
[EventType "tourn"]
[EventRounds "11"]
[EventCountry "RUS"]
[EventCategory "8"]
[SourceTitle "CBM 043"]
[Source "ChessBase"]
[SourceDate "1994.12.01"]
[SourceVersion "1"]
[SourceVersionDate "1994.12.01"]
[SourceQuality "1"]

1. e4 d6 2. d4 Nf6 3. Nc3 g6 4. Be3 c6 5. Qd2 Nbd7 6. Nf3 Qa5 7. Bd3 b5 8. 0-0 Bg7 9. e5 dxe5 10. dxe5 Ng4 11. e6 fxe6 12. Nxb5 Qd8 13. Nbd4 Nde5 14. Nxe5 Nxe5 15. Be4 0-0 16. Nxc6 Nxc6 17. Qxd8 Rxd8 18. Bxc6 Rb8 19. Rad1 Rd6 20. Rxd6 exd6 21. b3 a5 22. Ba7 Rb4 23. c4 Ba6 24. Rd1 Bf8 25. Bd4 Bb7 26. Bb5 d5 27. Bc3 Kf7 28. Bxb4 axb4 29. cxd5 exd5 30. Rc1 Bd6 31. Bc6 1-0

[Event "Kurgan"]
[Site "Kurgan"]
[Date "1993.??.??"]
[Round "?"]
[White "Pospelov, Evgeny"]
[Black "Pugachov, Alexey"]
[Result "1/2-1/2"]
[WhiteElo "2395"]
[BlackElo "2470"]
[PlyCount "57"]
[EventDate "1993.12.??"]
[EventType "tourn"]
[EventRounds "13"]
[EventCountry "RUS"]
[EventCategory "8"]
[SourceTitle "CBM 038 Extra"]
[Source "ChessBase"]
[SourceDate "1994.03.01"]
[SourceVersion "1"]
[SourceVersionDate "1994.03.01"]
[SourceQuality "1"]

1. d4 Nf6 2. Nf3 e6 3. c4 b6 4. g3 Ba6 5. b3 Bb4+ 6. Bd2 Be7 7. Bg2 d5 8. Ne5 c6 9. Bc3 0-0 10. Nd2 Nfd7 11. Nxd7 Nxd7 12. 0-0 Rc8 13. Re1 dxc4 14. Nxc4 b5 15. Ne3 Nb6 16. Qd2 c5 17. dxc5 Qxd2 18. Bxd2 Bxc5 19. Rac1 Rfd8 20. Nf1 Ba3 21. Rxc8 Rxc8 22. Ne3 b4 23. Kf1 f5 24. Rd1 Kf7 25. Be1 Bb5 26. Rd2 a5 27. Rc2 Rxc2 28. Nxc2 Bb2 29. f4 1/2-1/2

[Event "Kurgan"]
[Site "Kurgan"]
[Date "1993.??.??"]
[Round "?"]
[White "Pospelov, Evgeny"]
[Black "Savon, Vladimir A"]
[Result "1/2-1/2"]
[WhiteElo "2395"]
[BlackElo "2450"]
[PlyCount "63"]
[EventDate "1993.12.??"]
[EventType "tourn"]
[EventRounds "13"]
[EventCountry "RUS"]
[EventCategory "8"]
[SourceTitle "CBM 038 Extra"]
[Source "ChessBase"]
[SourceDate "1994.03.01"]
[SourceVersion "1"]
[SourceVersionDate "1994.03.01"]
[SourceQuality "1"]

1. d4 Nf6 2. c4 e6 3. Nf3 b6 4. Nc3 Bb7 5. Bg5 h6 6. Bh4 Be7 7. Qc2 c5 8. e4 g5 9. Bg3 g4 10. Nd2 cxd4 11. Nb5 d6 12. Nxd4 Nbd7 13. 0-0-0 a6 14. f3 Qc7 15. N2b3 0-0-0 16. Kb1 Ne5 17. Nd2 Kb8 18. Qb3 h5 19. Bf2 Ned7 20. Nc2 h4 21. h3 gxf3 22. gxf3 Nh5 23. Rg1 Rhg8 24. Rg4 Ng3 25. Bd3 Bf6 26. Ne3 Be5 27. Qc2 Nc5 28. b4 Nd7 29. Re1 Nf6 30. Rxg8 Rxg8 31. Ndf1 Nxf1 32. Rxf1 1/2-1/2

[Event "Kobanya op"]
[Site "Kobanya"]
[Date "1992.??.??"]
[Round "11"]
[White "Pospelov, Evgeny"]
[Black "Kallai, Gabor"]
[Result "0-1"]
[WhiteElo "2400"]
[BlackElo "2455"]
[PlyCount "144"]
[EventDate "1992.??.??"]
[EventType "swiss"]
[EventRounds "11"]
[EventCountry "HUN"]
[SourceTitle "TD"]
[Source "ChessBase"]
[SourceDate "1994.03.01"]
[SourceVersion "1"]
[SourceVersionDate "1994.03.01"]
[SourceQuality "1"]

1. d4 d5 2. Nf3 Nf6 3. Bg5 Ne4 4. Bh4 c5 5. e3 Qb6 6. Nc3 Qxb2 7. Bb5+ Bd7 8. Bxd7+ Nxd7 9. Nxd5 Nc3 10. Nxc3 Qxc3+ 11. Ke2 cxd4 12. exd4 Rc8 13. Qd3 e6 14. Rhb1 b6 15. Qxc3 Rxc3 16. Kd2 Ra3 17. Rb3 Ra4 18. Re3 Bd6 19. Kc3 Nf6 20. Bxf6 gxf6 21. Kb2 Kd7 22. Rd1 Rc8 23. c3 Ra5 24. Re2 Rb5+ 25. Kc2 Ra5 26. Kb2 Rb5+ 27. Kc2 Ba3 28. Kd3 Ra5 29. Rb1 Bd6 30. Rb3 Rh5 31. a4 Kc6 32. Ra2 e5 33. g3 Re8 34. Re2 Re7 35. Rbb2 Rf5 36. Ke4 Rh5 37. d5+ Kb7 38. Nh4 Rc7 39. Kd3 f5 40. f3 f4 41. Ng2 fxg3 42. hxg3 Rh3 43. g4 Rxf3+ 44. Re3 Rf6 45. Rh3 Rg6 46. Rh4 h5 47. gxh5 Rg3+ 48. Ne3 f5 49. Rg2 e4+ 50. Kd4 Bc5+ 51. Ke5 Rxe3 52. h6 Rh7 53. Kxf5 Bf8 54. Rg6 Rxc3 55. Re6 Rcc7 56. Kg6 Rh8 57. Re8 Rd7 58. h7 Rxd5 59. Rhxe4 Rd6+ 60. R4e6 Rxe6+ 61. Rxe6 Bc5 62. Re4 Bf8 63. Re8 Kc6 64. Rc8+ Kd5 65. a5 bxa5 66. Ra8 Bg7 67. Rxa7 Bc3 68. Rc7 Bd4 69. Rd7+ Kc4 70. Rc7+ Kd3 71. Rf7 Ra8 72. Rf3+ Kc4 0-1

[Event "Kobanya op"]
[Site "Kobanya"]
[Date "1992.??.??"]
[Round "9"]
[White "Pospelov, Evgeny"]
[Black "Obukhov, Alexander"]
[Result "0-1"]
[WhiteElo "2400"]
[BlackElo "2375"]
[PlyCount "66"]
[EventDate "1992.??.??"]
[EventType "swiss"]
[EventRounds "11"]
[EventCountry "HUN"]
[SourceTitle "TD"]
[Source "ChessBase"]
[SourceDate "1994.03.01"]
[SourceVersion "1"]
[SourceVersionDate "1994.03.01"]
[SourceQuality "1"]

1. d4 Nf6 2. Nf3 d5 3. c4 e6 4. Nc3 Nbd7 5. Bg5 Be7 6. e3 h6 7. Bh4 0-0 8. Qb3 c6 9. Rc1 a6 10. c5 e5 11. Be2 exd4 12. exd4 Ne4 13. Nxe4 dxe4 14. Bxe7 Qxe7 15. Nd2 Nf6 16. 0-0 Be6 17. Bc4 Bd5 18. Bxd5 Nxd5 19. Nc4 Rad8 20. Rce1 f5 21. Ne5 Kh7 22. Kh1 Nf4 23. Rd1 Ne6 24. d5 cxd5 25. c6 Nc5 26. Qg3 Rf6 27. b4 Na4 28. cxb7 Qxb7 29. Rc1 Rc8 30. h4 d4 31. Qb3 Nc3 32. h5 Qb5 33. Ng6 f4 0-1

[Event "Kobanya op"]
[Site "Kobanya"]
[Date "1992.??.??"]
[Round "8"]
[White "Zezulkin, Jurij"]
[Black "Pospelov, Evgeny"]
[Result "1/2-1/2"]
[WhiteElo "2440"]
[BlackElo "2400"]
[PlyCount "39"]
[EventDate "1992.??.??"]
[EventType "swiss"]
[EventRounds "11"]
[EventCountry "HUN"]
[SourceTitle "TD"]
[Source "ChessBase"]
[SourceDate "1994.03.01"]
[SourceVersion "1"]
[SourceVersionDate "1994.03.01"]
[SourceQuality "1"]

1. e4 d6 2. d4 Nf6 3. Nc3 g6 4. Bc4 Bg7 5. Qe2 c6 6. e5 dxe5 7. dxe5 Nd5 8. Bd2 0-0 9. 0-0-0 Be6 10. Nf3 Nd7 11. Ng5 Nxe5 12. Nxe6 fxe6 13. Bb3 Kh8 14. h4 Qb6 15. Nxd5 exd5 16. Be3 Qa6 17. Qxa6 bxa6 18. f3 Bf6 19. h5 g5 20. Rhe1 1/2-1/2